| 000 | 00622nam a2200181 i 4500 | ||
|---|---|---|---|
| 001 | 29854 | ||
| 003 | ES-MaACL | ||
| 005 | 20230906154111.0 | ||
| 007 | t| | ||
| 008 | 030123s1955 mx ||||1| spa d | ||
| 100 | 1 |
_aBasave Fernández del Valle, Agustín. _926254 |
|
| 245 | 1 | 0 |
_aTeoría del Estado _b: fundamentos de Filosofía Política / _cAgustín Basave Fernández del Valle ; prólogo de Luis Recaséns Siches. |
| 260 |
_aMéxico : _bJus, _c1955. |
||
| 300 |
_aXV, 222 p. ; _c23 cm. |
||
| 700 | 1 |
_aRecasens Siches, Luis, _d1903-1977 _995751 |
|
| 852 |
_aES-MaACL _jC-10208 _bR.38606 |
||
| 999 |
_c29854 _d29854 |
||